Hell: An A-Z Survival Guide Quiz Stats

 Plays Quiz Updated Feb 28, 2020

Support Sporcle.
Go Orange.
Score 0/26 Timer 08:00
0 Plays Today
Clue Answer % Correct
Stay off the road that's 'paved with good ____' because it just leads deeper into Hell.intentions
81.7%
Never give up this, even if the sign above the entrance to Hell tells you to abandon it.hope
79.9%
Wait a while: most Christian sects believe the dead will be raised from Hell just before this day.Judgment Day
78.9%
Listen for 'weeping and ____ of teeth,' as described in the New Testament, then run the other way.gnashing
72.3%
Do this, by feeling true contrition: all Abrahamic religions emphasize its role in salvation.repent
67%
If you had a four-year journey to a dark place called Mictlan, you're in the Hell of these people.Aztecs
65.8%
Don't eat seeds from this fruit, as Persephone did, or you'll be tied to Hades forever.pomegranate
63%
Seek out this Roman poet: he guided Dante out of Hell, so he might do the same for you.Virgil
54.1%
Try praying to a saint for help, such as this Spanish co-founder of the Jesuits.(Francis) Xavier
52%
If you see venomous donkeys and seven gates, you're in the Hell described in this book.Quran
50.3%
Study this body of Jewish mysticism, which describes Hell or Sheol as purgative, not punitive.Kabbalah
50.3%
You can escape Futurama's Robot Hell by outplaying the Robot Devil on this gold instrument.fiddle
48.5%
Follow the signs to this outermost region of Hell, home to unbaptized infants; the exit is nearby.Limbo
46.1%
Clue Answer % Correct
Take up music: this Greek charmed his way through Hades, nearly rescuing his lover Eurydice.Orpheus
42.9%
Ask Heracles (Hercules) to save you: he rescued this Minotaur-slayer from Hades.Theseus
42%
Hope that this religion is right: if so, Ahura Mazda will someday free all the souls in Hell.Zoroastrianism
41.5%
Go into management: as this epic poet wrote, it's 'better to reign in Hell than serve in Heaven.'(John) Milton
34.9%
Ask the angel Castiel to pull you out of Hell, as he did for Dean Winchester on this TV series.Supernatural
34.7%
If you're in Niflhel, find the root of this tree, then climb along the tree into Asgard.Yggdrasil
23.5%
Read this man's essay, 'The Myth of Sisyphus,' to realize the absurdity of your rock-rolling fate.(Albert) Camus
22.3%
Keep to yourself: as Jean-Paul Sartre wrote in this play, 'Hell is other people.'No Exit
22.2%
Take an idea from Stephen Vincent Benét: hire this lawyer to argue your case with the Devil.(Daniel) Webster
21.1%
If you're in Naraka, the Hell ruled by Yama, consult these Hindu texts for guidance.Upanishads
16.5%
Find this golden item, which let Aeneas in and out of Hades and provided a James Frazer title.bough
15.3%
Steer clear of this walled city in Hell, whose 'pater' has been identified with Pluto and Orcus.Dis
12.8%
Undergo these Greek 'mysteries,' whose initiates were sometimes said to enter and exit Hades at will.Eleusinian
6.4%

You're not logged in!

Compare scores with friends on all Sporcle quizzes.
OR
Log In
Remove Ads.
Support Sporcle.
Get the best of Sporcle when you Go Orange. This ad-free experience offers more features, more stats, and more fun while also helping to support Sporcle. Thank you for becoming a member.

Show Comments

Extras

Top Quizzes Today


Score Distribution

Your Account Isn't Verified!

In order to create a playlist on Sporcle, you need to verify the email address you used during registration. Go to your Sporcle Settings to finish the process.

Report this User

Report this user for behavior that violates our Community Guidelines.

Details: